[Event "47th Doeberl Cup Premier"]
[Site "Canberra AUS"]
[Date "2009.04.12"]
[Round "8"]
[White "Nguyen Thu Giang"]
[Black "Ghane,S"]
[Result "0-1"]
[WhiteElo "2105"]
[BlackElo "2415"]

1.e4 e6 2.d4 d5 3.Nc3 Nf6 4.e5 Nfd7 5.f4 c5 6.Nf3 a6 7.Be3 Qb6 8.Rb1 Nc6
9.Qd2 Qa5 10.a3 b5 11.dxc5 b4 12.axb4 Nxb4 13.c6 Nxc6 14.Nd4 Nxd4 15.Bxd4 Bb4
16.Be2 Nb8 17.O-O Nc6 18.Ra1 Qc7 19.Ra4 Rb8 20.Kh1 Nxd4 21.Qxd4 Bc5 22.Qd1 Rxb2
23.Bd3 Rb4 24.Ra2 O-O 25.Bxa6 Bxa6 26.Rxa6 Be3 27.Ne2 Qc4 28.Ra3 d4 29.Rd3 g6
30.c3 Rb3 31.Nxd4 Rxc3 32.Rxc3 Qxc3 33.Ne2 Qc4 34.Rf3 Bb6 35.Rd3 Ra8 36.h3 Kg7
37.Qb3 Qe4 38.Rf3 Qc6 39.Qd3 Ra1+ 40.Kh2 Qa8 41.Qc4 Qa5 42.Qc3 Qa7 43.Qc4 h5
44.h4 Qe7 45.Rh3 Bf2 46.Qc3 Re1 47.Qf3 Qa7 48.g4 Qa2  0-1

[Event "ch-WLS"]
[Site "Cardiff WLS"]
[Date "2009.04.12"]
[Round "5"]
[White "Bennion,D"]
[Black "Blackburn,Su"]
[Result "1/2-1/2"]
[WhiteElo "2030"]
[BlackElo "1889"]

1.e4 e6 2.d4 d5 3.Nc3 Nf6 4.e5 Nfd7 5.Nce2 c5 6.c3 Nc6 7.a3 c4 8.f4 Be7 9.Nf3 Nf8
10.g3 Bd7 11.Bh3 Na5 12.O-O Qb6 13.g4 h6 14.Ng3 g6 15.Kh1 Nh7 16.Bg2 O-O-O
17.Nd2 f6 18.f5 gxf5 19.gxf5 Rdf8 20.fxe6 Qxe6 21.Nf5 fxe5 22.Nxe7+ Qxe7
23.Bxd5 exd4 24.cxd4 Qd6 25.Bg2 Rxf1+ 26.Nxf1 Nf6 27.Ne3 Rg8 28.Qf1 Ng4 29.Nxg4 Rxg4
30.Be3 Kb8 31.Bf2 Qe7 32.Re1 Qg7 33.Bg3+ Kc8 34.Qf3 Nc6 35.Bh3 Rxd4 36.Re8+ Nd8
37.Be5 Qg6 38.Rxd8+ Kxd8 39.Qf8+ Qe8 40.Qxe8+ Kxe8 41.Bxd4 Bxh3 42.Bxa7 Kd7
43.Bd4 b5 44.Bc3 Ke6  1/2-1/2

[Event "ArcelorMittal Open"]
[Site "Frydek Mistek CZE"]
[Date "2009.04.12"]
[Round "7"]
[White "Krejci,Jan2"]
[Black "Jeanne,M"]
[Result "1-0"]
[WhiteElo "2430"]
[BlackElo "2206"]

1.e4 e6 2.d4 d5 3.Nc3 Nf6 4.e5 Nfd7 5.Nce2 c5 6.c3 Nc6 7.f4 Qb6 8.Nf3 cxd4
9.cxd4 Bb4+ 10.Nc3 f6 11.Bd3 O-O 12.a3 Be7 13.h4 fxe5 14.dxe5 Ndxe5 15.fxe5 Nxe5
16.Qe2 Nxd3+ 17.Qxd3 Bd6 18.Ne2 Bc5 19.Rf1 Bd7 20.b4 Bd6 21.Be3 Qd8 22.Bg5 Qb6
23.Qd4 Qa6 24.Bf4 Rxf4 25.Nxf4 Bb5 26.Rf2 e5 27.Qxd5+ Kh8 28.Ne2 e4 29.Ng5 Bc4
30.Nf7+ Kg8 31.Qxd6  1-0

[Event "7th V.Nabokov Mem"]
[Site "Kyiv UKR"]
[Date "2009.04.14"]
[Round "1"]
[White "Onoprienko,V"]
[Black "Vysochin,S"]
[Result "0-1"]
[WhiteElo "2348"]
[BlackElo "2543"]

1.e4 e6 2.d4 d5 3.Nc3 Nf6 4.e5 Nfd7 5.Nf3 c5 6.dxc5 Nc6 7.Bf4 Nxc5 8.Bd3 Be7
9.h4 Bd7 10.Bg5 Rc8 11.a3 h6 12.Bxe7 Qxe7 13.Ne2 Nxd3+ 14.Qxd3 f6 15.Nf4 fxe5
16.Ng6 Qf6 17.Nxh8 e4 18.Qc3 exf3 19.Qxf6 gxf6 20.O-O-O Ne5 21.gxf3 Ba4 22.Rhg1 Rxc2+
23.Kb1 Nc4 24.Rg8+ Kd7 25.Rg7+ Kc6 26.Rdg1 Rxb2+ 27.Ka1 Bb3 28.Nf7 Ra2+ 29.Kb1 Nd2+
30.Kc1 Rc2+ 31.Kd1 Nxf3 32.Nd8+ Kd6 33.Nxb7+ Ke5 34.Na5 Ba4 35.R1g3 Rc5+
36.Ke2 Nd4+  0-1

[Event "ch-MGL"]
[Site "Ulan Bator MGL"]
[Date "2009.04.15"]
[Round "8"]
[White "Lhagva,J"]
[Black "Batchuluun,T"]
[Result "0-1"]
[WhiteElo "2213"]
[BlackElo "2391"]

1.Nc3 d5 2.e4 e6 3.d4 Nf6 4.e5 Nfd7 5.Nf3 c5 6.dxc5 Nc6 7.Bf4 Bxc5 8.Bd3 h6
9.h3 a6 10.O-O Be7 11.Re1 Nc5 12.Bf1 b5 13.a3 Bb7 14.b4 Nd7 15.Bd3 Nb6 16.Ne2 Nc4
17.Ned4 Qb6 18.Nxc6 Bxc6 19.c3 Bd7 20.Qe2 Rc8 21.Nd4 Qb7 22.Qg4 g5 23.Bc1 Nb6
24.Bd2 Nc4 25.Bc1 Qc7 26.Bxc4 Qxc4 27.Ne2 Qxg4 28.hxg4 Rc4 29.f3 f6 30.exf6 Bxf6
31.Bd2 Kf7 32.Kf2 Rhc8 33.Rh1 Bg7 34.Ke3 Be8 35.Nd4 Rxc3+ 36.Bxc3 Rxc3+ 37.Kd2 Bxd4
38.Rhc1 Rc4  0-1

[Event "zt 3.5 Men"]
[Site "Beijing CHN"]
[Date "2009.04.17"]
[Round "1"]
[White "Wen Yang"]
[Black "Ding Liren"]
[Result "1-0"]
[WhiteElo "2532"]
[BlackElo "2458"]

1.e4 e6 2.d4 d5 3.Nc3 Nf6 4.e5 Nfd7 5.f4 c5 6.Nf3 Nc6 7.Be3 a6 8.Qd2 b5 9.g3 b4
10.Ne2 Be7 11.Bh3 O-O 12.O-O Qc7 13.Kh1 a5 14.Rad1 Ba6 15.Rfe1 g6 16.g4 Rfe8
17.f5 exf5 18.Bf4 fxg4 19.Bxg4 Qa7 20.e6 Nf6 21.Ng5 Rf8 22.exf7+ Kh8 23.Bf3 Nd8
24.Be5 Nxf7 25.Nxf7+ Rxf7 26.Nf4 Kg8 27.Qg2 Bb7 28.Rg1 Qa6 29.Nxg6 hxg6 30.Qxg6+ Kf8
31.Bxf6 Ke8 32.Qg8+ Rf8 33.Bh5+ Kd7 34.Qg4+ Qe6 35.Rde1  1-0

[Event "CCF Easter"]
[Site "Coulsdon ENG"]
[Date "2009.04.17"]
[Round "9"]
[White "Radovanovic,J"]
[Black "Madan,A"]
[Result "1-0"]
[WhiteElo "2323"]
[BlackElo "2395"]

1.e4 e6 2.d4 d5 3.Nc3 Nf6 4.e5 Nfd7 5.f4 c5 6.Nf3 Nc6 7.Be3 a6 8.Qd2 b5 9.dxc5 Bxc5
10.Ne2 Bxe3 11.Qxe3 Qa5+ 12.c3 b4 13.a3 bxc3 14.Qxc3 Qxc3+ 15.Nxc3 Ke7 16.Rc1 Bb7
17.Kd1 Rac8 18.Na4 f6 19.Nc5 Nxc5 20.Rxc5 fxe5 21.fxe5 g5 22.h3 h5 23.Nxg5 Nxe5
24.Rxc8 Rxc8 25.h4 Ng4 26.Kd2 d4 27.Be2 e5 28.Bxg4 hxg4 29.Re1 Kf6 30.g3 a5
31.Rf1+ Bf3 32.Nxf3 gxf3 33.Rxf3+ Ke6 34.g4 a4 35.b4 axb3 36.Rxb3 Kd5 37.g5 Rf8
38.Rg3 e4 39.g6 e3+ 40.Kd3 Ra8 41.Rg5+ Kd6 42.Kxd4 Rxa3 43.g7 e2 44.g8=Q Ra4+
45.Kd3 e1=Q 46.Qd5+ Kc7 47.Rg7+  1-0

[Event "ch-MGL"]
[Site "Ulan Bator MGL"]
[Date "2009.04.19"]
[Round "14"]
[White "Munguntuul,B"]
[Black "Batchuluun,T"]
[Result "1/2-1/2"]
[WhiteElo "2440"]
[BlackElo "2391"]

1.e4 e6 2.d4 d5 3.Nc3 Nf6 4.e5 Nfd7 5.f4 c5 6.Nf3 Nc6 7.Be3 cxd4 8.Nxd4 Bc5
9.Qd2 O-O 10.O-O-O a6 11.Qf2 Qe7 12.Bd3 Nxd4 13.Bxd4 Bxd4 14.Qxd4 Qc5 15.Ne2 b5
16.Rhe1 Re8 17.g4 b4 18.Qxc5 Nxc5 19.Nd4 a5 20.f5 Ba6 21.Re3 a4 22.Kb1 b3
23.axb3 Bxd3 24.cxd3 axb3 25.Rc1 Ra4 26.Rxc5 Rxd4 27.h3 h5 28.fxe6 fxe6 29.Rb5 hxg4
30.Rxb3 Re7 31.Rb8+ Kf7 32.Rg3 gxh3 33.Rh8 Rf4 34.Rhxh3 Rf1+ 35.Kc2 Rf2+
36.Kc3 Rc7+ 37.Kd4 Rxb2 38.Rh7 Kg8 39.Rh6 Rb4+ 40.Ke3 Re7 41.Rf6 Rb6 42.Kd4 Rc6
43.Rg1 Rf7 44.Rgg6 Re7 45.Rg1 Rf7 46.Rgg6 Rxf6 47.exf6 Kf7 48.Rxg7+ Kxf6
49.Rg1 Rc2 50.Rf1+ Ke7 51.Ra1 Kd6 52.Ra6+ Rc6 53.Ra8 Rb6 54.Rd8+ Ke7 55.Ra8 Rb2
56.Ke5 Re2+ 57.Kd4 Rh2 58.Ke5 Re2+ 59.Kd4 Rg2 60.Ke5  1/2-1/2

[Event "11th Open St-Quentin en Yvelines"]
[Site "Elancourt FRA"]
[Date "2009.04.23"]
[Round "7"]
[White "Baches,F"]
[Black "Durez,G"]
[Result "1-0"]
[WhiteElo "1855"]
[BlackElo "1633"]

1.e4 e6 2.d4 d5 3.Nc3 Nf6 4.e5 Nfd7 5.Nce2 c5 6.c3 Nc6 7.f4 Be7 8.Nf3 cxd4
9.cxd4 b5 10.Ng3 a6 11.Bd3 g6 12.a3 Qb6 13.Bb1 b4 14.Ne2 a5 15.Bd3 a4 16.axb4 Nxb4
17.Bb1 Qc6 18.b3 Nb6 19.Bb2 Bd7 20.O-O O-O 21.g4 axb3 22.Rxa8 Rxa8 23.Qxb3 Nc4
24.Bc1 Qc7 25.Ng5 Qd8 26.Qh3 Bxg5 27.fxg5 Qf8 28.Nf4 Qg7 29.Qc3 Na2 30.Bxa2 Rxa2
31.Qb3 Ra4 32.Nd3 Be8 33.Qb8 Qf8 34.Nc5 Ra1 35.Nxe6 Qe7 36.Nc7 Kf8 37.e6 Nd6
38.Nxd5 Qxe6 39.Nf6 Kg7 40.Qb2 Ra2 41.Nxe8+ Nxe8 42.d5+ Kg8 43.dxe6 Rxb2
44.exf7+  1-0

[Event "zt 3.5 Men"]
[Site "Beijing CHN"]
[Date "2009.04.24"]
[Round "7"]
[White "Gao Rui"]
[Black "Zhou Weiqi"]
[Result "1-0"]
[WhiteElo "2500"]
[BlackElo "2563"]

1.e4 e6 2.d4 d5 3.Nc3 Nf6 4.e5 Nfd7 5.f4 c5 6.Nf3 Nc6 7.Be3 Rb8 8.Qd2 Qa5
9.a3 b5 10.Ra2 b4 11.axb4 Qxb4 12.Be2 Be7 13.O-O O-O 14.Kh1 f6 15.Ra4 Qxb2
16.dxc5 Bxc5 17.Nxd5 fxe5 18.Bxc5 Nxc5 19.Rc4 Qa3 20.Qc3  1-0

[Event "ch-Moscow men"]
[Site "Moscow RUS"]
[Date "2009.04.24"]
[Round "2"]
[White "Vorobiov,E"]
[Black "Rychagov,A"]
[Result "1/2-1/2"]
[WhiteElo "2596"]
[BlackElo "2530"]

1.e4 e6 2.d4 d5 3.Nc3 Nf6 4.e5 Nfd7 5.f4 c5 6.Nf3 Nc6 7.Be3 Be7 8.dxc5 Bxc5
9.Qd2 O-O 10.O-O-O Qa5 11.Kb1 Bb4 12.a3 Bxc3 13.Qxc3 Qxc3 14.bxc3 Na5 15.Rd4 Nc6
16.Rd1 Na5 17.Rd4 Nc6 18.Rd1 Na5 19.Rd4  1/2-1/2

[Event "zt 3.5 Men"]
[Site "Beijing CHN"]
[Date "2009.04.25"]
[Round "8"]
[White "Li Chao2"]
[Black "Ding Liren"]
[Result "1-0"]
[WhiteElo "2643"]
[BlackElo "2458"]

1.e4 e6 2.d4 d5 3.Nc3 Nf6 4.e5 Nfd7 5.f4 c5 6.Nf3 Nc6 7.Be3 a6 8.Qd2 b5 9.a3 Bb7
10.Bd3 g5 11.fxg5 cxd4 12.Nxd4 Ncxe5 13.O-O Bg7 14.Nce2 O-O 15.Ng3 Ng4 16.c3 Qb8
17.Bc2 Qd6 18.Bf4 Qb6 19.Qe2 Bxd4+ 20.cxd4 Qxd4+ 21.Kh1 Nge5 22.Bxe5 Qxe5
23.Qh5 Qg7 24.Qh3 Rac8 25.Nh5 Qxg5 26.Bxh7+ Kh8 27.Nf4 Kg7 28.Rf3 Qh6 29.Qg4+ Kh8
30.Rh3 Nf6 31.Qg3 Qxh3 32.Nxh3 Nxh7 33.Qe5+ Kg8 34.Nf4 Rc4 35.Rf1 Re4 36.Qc7 Ba8
37.h3 d4 38.Nh5 e5 39.Qd7 Rh4 40.Qf5 Re4 41.Nf6+ Nxf6 42.Qg5+  1-0

[Event "ch-Moscow men"]
[Site "Moscow RUS"]
[Date "2009.04.29"]
[Round "7"]
[White "Amonatov,F"]
[Black "Nikolenko,O"]
[Result "1/2-1/2"]
[WhiteElo "2648"]
[BlackElo "2524"]

1.e4 e6 2.d4 d5 3.Nc3 Nf6 4.e5 Nfd7 5.f4 c5 6.Nf3 Nc6 7.Be3 Be7 8.Qd2 O-O
9.dxc5 Bxc5 10.O-O-O Qa5 11.Nd4 Bb4 12.Nb3 Bxc3 13.Nxa5 Bxd2+ 14.Bxd2 Nxa5
15.Bxa5 Nc5 16.Be2 b6 17.Bc3 Ba6 18.Bf3 Rac8 19.Kb1 Rc7 20.Rhe1 Rfc8 21.Bd4 b5
22.c3 Bb7 23.g4 a5 24.Be2 Ba6 25.Bxc5 Rxc5 26.Rd4 R5c6 27.Bd3 Rb8 28.Rc1 h6
29.b4 axb4 30.Rxb4 f6 31.exf6 gxf6 32.a4 Rcb6 33.Kc2 bxa4 34.Bxa6 Rxb4 35.cxb4 Rxb4
36.Bc8 Kf7 37.Kd3 Rb3+ 38.Rc3 Rxc3+ 39.Kxc3 e5 40.fxe5 fxe5 41.h4 Kf6 42.Kb4 e4
43.Kxa4 Ke5 44.Kb3 Kf4 45.Kc2 e3 46.Kd1 d4 47.g5  1/2-1/2

[Event "NK Jeugd A"]
[Site "Venlo NED"]
[Date "2009.05.01"]
[Round "8"]
[White "Boulahfa,H"]
[Black "Van Zetten,M"]
[Result "1-0"]
[WhiteElo "2026"]
[BlackElo "1984"]

1.e4 e6 2.d4 d5 3.Nc3 Nf6 4.e5 Nfd7 5.f4 c5 6.Nf3 Nc6 7.Be3 a6 8.Qd2 b5 9.dxc5 Bxc5
10.Bxc5 Nxc5 11.Qf2 Qb6 12.Bd3 Bb7 13.O-O Nd7 14.Ne2 Qxf2+ 15.Kxf2 f6 16.Ned4 fxe5
17.Nxc6 e4 18.Na5 Rb8 19.Bxe4 dxe4 20.Ng5 O-O 21.Ke3 e5 22.Nxb7 Rxb7 23.fxe5 Rxf1
24.Rxf1 Nxe5 25.Ne6 Nc4+ 26.Ke2 h6 27.b3 Nd6 28.Rf8+ Kh7 29.Rd8 Nf5 30.g4 Ne7
31.Rd7 Rxd7 32.Nf8+ Kg8 33.Nxd7 Nd5 34.a3 a5 35.c4 a4 36.bxa4 bxc4 37.Nc5 e3
38.a5 Kf7 39.a6 Ke7 40.a7 Nb6 41.Kxe3 Kd6 42.Kd4 Kc6 43.Na4 Na8 44.Kxc4 Kb7
45.Kd5 Nc7+ 46.Ke5 Nb5 47.Kf5 Nd4+ 48.Kg6 Nf3 49.h3  1-0

[Event "IV Tch-ESP Selecciones Autonomicas"]
[Site "Villava ESP"]
[Date "2009.05.02"]
[Round "5"]
[White "Cortes Bueno,JJ"]
[Black "Fernandez Barrera,V"]
[Result "1/2-1/2"]
[WhiteElo "2245"]
[BlackElo "2318"]

1.e4 e6 2.d4 d5 3.Nc3 Nf6 4.e5 Nfd7 5.f4 c5 6.Nf3 Nc6 7.Be3 Qa5 8.Qd2 Rb8
9.Bd3 b5 10.dxc5 Bxc5 11.Bxc5 Nxc5 12.O-O b4 13.Ne2 O-O 14.Kh1 Ba6 15.Ned4 Nxd4
16.Nxd4 Bxd3 17.cxd3 Qa6 18.Rf3 b3 19.a3 Nd7 20.Re1 Qb6 21.Qe3 Rbc8 22.Rg3 f6
23.exf6 Rxf6 24.h3 Re8 25.Rg5 Nf8 26.Re5 Ng6 27.Rxd5 Nxf4 28.Rg5 Rd8 29.Nf3 Rxd3
30.Qxb6 axb6 31.Rc1 h6 32.Rg4 Nxh3 33.Rc8+ Kh7 34.Kh2 Nf2 35.Rb4 Rd1 36.Rc3 Rf1
37.Rcxb3 Rg6 38.g3 Ng4+ 39.Kg2 Rf2+ 40.Kg1 Re2 41.Nh4 Rg5 42.Nf3 Rc5 43.Rc3 Rxc3
44.bxc3 Nf6 45.Rxb6 e5 46.a4 e4 47.Nd4 Ra2 48.Ra6 Ng4 49.Kf1 Ne3+ 50.Ke1 Nc2+
51.Nxc2 Rxc2 52.Rc6 Rg2 53.a5 Rxg3 54.a6 Rg2 55.a7 Ra2 56.Rc7 h5 57.Re7 h4
58.Rxe4 g5 59.Re7+ Kg6 60.Kf1 h3 61.Kg1 g4 62.c4 g3 63.Re1 Rxa7 64.c5 Kf5
65.c6 h2+ 66.Kg2 Kf4 67.Rc1 Ra2+ 68.Kh1 Ra8 69.c7 Rc8 70.Kg2 Kg4 71.Rc3 Kh4
72.Rc4+ Kg5 73.Rc1 Kf4 74.Rc3 Rh8 75.Rc1 Rc8 76.Rc3 Ke5 77.Rc1 Kd6 78.Kxg3 Rxc7
79.Rd1+ Ke5 80.Kxh2 Ke4 81.Kg2 Rg7+ 82.Kf2 Rf7+ 83.Kg3 Rf3+ 84.Kg2  1/2-1/2

[Event "84th ch-ARG Semifinal"]
[Site "La Plata ARG"]
[Date "2009.05.04"]
[Round "7"]
[White "Alonso,S"]
[Black "Orsini,A"]
[Result "1-0"]
[WhiteElo "2441"]
[BlackElo "2352"]

1.e4 e6 2.d4 d5 3.Nc3 Nf6 4.e5 Nfd7 5.f4 c5 6.Nf3 Nc6 7.Be3 cxd4 8.Nxd4 Bc5
9.Qd2 O-O 10.O-O-O a6 11.Qf2 Bxd4 12.Bxd4 b5 13.Be3 b4 14.Ne2 a5 15.Nd4 Nxd4
16.Bxd4 Ba6 17.Kb1 Qc7 18.Rc1 Rfc8 19.c3 Qb7 20.Bxa6 Qxa6 21.Qf1 Qb7 22.cxb4 Rxc1+
23.Qxc1 axb4 24.b3 Nb8 25.Qd2 Nc6 26.Bc5 Qa6 27.Rc1 h6 28.g3 Qb5 29.g4 Rd8
30.Bd6 Ra8 31.h4 d4 32.Qc2 Qa6 33.a4 d3 34.Qxc6 d2 35.Qxa6 dxc1=Q+ 36.Kxc1 Rxa6
37.Kd2 f5 38.g5 hxg5 39.hxg5 Kf7 40.Kd3 Ke8 41.Kc4 Kd7 42.Kb5 Ra8 43.a5 Rc8
44.a6 Rc2 45.g6 Kc8 46.Kb6 Ra2 47.a7  1-0

[Event "FIDE Open"]
[Site "Ostrava CZE"]
[Date "2009.05.04"]
[Round "3"]
[White "Vojtek,V"]
[Black "Stupak,K"]
[Result "1/2-1/2"]
[WhiteElo "2338"]
[BlackElo "2467"]

1.e4 e6 2.d4 d5 3.Nc3 Nf6 4.e5 Nfd7 5.f4 c5 6.Nf3 Nc6 7.Be3 a6 8.Qd2 b5 9.dxc5 Bxc5
10.Ne2 Qb6 11.Bxc5 Nxc5 12.Ned4 Ne4 13.Qe3 Bb7 14.Bd3 Na5 15.b3 Nc6 16.O-O Nc5
17.Nxc6 Bxc6 18.b4 Na4 19.Qxb6 Nxb6 20.Nd4 Rc8 21.f5 Ke7 22.Rf3 Nd7 23.fxe6 fxe6
24.Raf1 Rhf8 25.Bxh7 Nxe5 26.Rxf8 Rxf8 27.Rxf8 Kxf8 28.Nxe6+ Kf7 29.Nd8+ Kf6
30.Bg8 Ke7 31.Nxc6+ Nxc6 32.Bxd5 Nxb4 33.Bb3 a5 34.a3 Nc6 35.Kf2 a4 36.Bg8 Nd4
37.c3 Nc2 38.Ke2 Nxa3 39.Kd3 Kd6 40.h4 Ke5 41.h5 Kf4 42.Kd4 Kg3 43.Kc5 Kxg2
44.Kb4 Nb1 45.Ba2 Nxc3 46.Kxc3 Kg3  1/2-1/2

[Event "FIDE Open"]
[Site "Ostrava CZE"]
[Date "2009.05.05"]
[Round "4"]
[White "Kravtsiv,M"]
[Black "Strebkovs,A"]
[Result "1-0"]
[WhiteElo "2511"]
[BlackElo "2420"]

1.e4 e6 2.d4 d5 3.Nc3 Nf6 4.e5 Nfd7 5.f4 c5 6.Nf3 Nc6 7.Be3 a6 8.Qd2 b5 9.dxc5 Bxc5
10.Bxc5 Nxc5 11.Qf2 Qe7 12.Bd3 Bb7 13.O-O b4 14.Ne2 a5 15.Ned4 Nxd3 16.cxd3 Nxd4
17.Nxd4 O-O 18.Rac1 Rac8 19.Qe3 Qd7 20.Rxc8 Bxc8 21.b3 Qa7 22.Rc1 Ba6 23.Kf2 h6
24.Ke2 Rc8 25.Rxc8+ Bxc8 26.Nc6 Qc7 27.Qc5 Kh7 28.d4 Bd7 29.Nxa5 Qd8 30.g3 g5
31.f5 exf5 32.Qxd5 Qe8 33.Kd3 Be6 34.Qb7 Qd8 35.Nc4 Bd5 36.Qxb4 f4 37.Qd6 Bxc4+
38.bxc4 Qa5 39.gxf4 gxf4 40.Qf8 Kg6 41.h3 h5 42.Qg8+ Kh6 43.Qh8+ Kg6 44.Qf6+ Kh7
45.Qxf7+ Kh6 46.Qxf4+ Kh7 47.Qf5+ Kh6 48.h4 Qxa2 49.Qg5+ Kh7 50.Qxh5+ Kg7
51.Qg5+ Kh7 52.Qf5+ Kh8 53.Qc8+ Kh7 54.Qb7+ Kh6 55.Qb6+ Kh5 56.e6 Kxh4 57.Qb4 Qf2
58.Qe7+ Kg4 59.Qg7+ Kh4 60.Qh6+ Kg4 61.Qg6+ Kh3 62.Qh5+ Kg3 63.Qg5+ Kh2 64.Qd2 Kh1
65.Qd1+ Kh2 66.Qe2 Kh1 67.e7 Qg3+ 68.Qe3 Qb8 69.Qe1+ Kg2 70.e8=Q Qb3+ 71.Qc3  1-0

[Event "III Open"]
[Site "La Laguna ESP"]
[Date "2009.05.06"]
[Round "4"]
[White "Perez Gutierrez,N"]
[Black "Lasinskas,P"]
[Result "0-1"]
[WhiteElo "1999"]
[BlackElo "2242"]

1.e4 e6 2.d4 d5 3.Nc3 Nf6 4.e5 Ne4 5.Nxe4 dxe4 6.Be3 c5 7.dxc5 Nd7 8.Qd4 Bxc5
9.Qxe4 Bxe3 10.Qxe3 Qa5+ 11.c3 Qxe5 12.Qxe5 Nxe5 13.f4 Ng4 14.Bb5+ Ke7 15.Ne2 a6
16.Bd3 Ne3 17.Kf2 Ng4+ 18.Ke1 Rd8 19.Nd4 Bd7 20.h3 Ne3 21.Kf2 Nd5 22.g3 Bc6
23.Rhe1 Kf6 24.Rad1 Ba4 25.Rd2 Rac8 26.Rde2 h5 27.Re5 h4 28.f5 hxg3+ 29.Kxg3 Nxc3
30.fxe6 Rxd4 31.Rf5+ Ke7 32.Rxf7+ Kd6 33.Bf5 Nd5 34.e7 Re8 35.Re6+ Kc5 36.Bg6 Bd7
37.Rxg7 Bxe6 38.Bxe8 Kd6 39.Bg6 Nxe7 40.h4  0-1

[Event "III Open"]
[Site "La Laguna ESP"]
[Date "2009.05.06"]
[Round "4"]
[White "Perez Castellano,S"]
[Black "Perez Martin,N"]
[Result "0-1"]
[WhiteElo "1874"]
[BlackElo "1517"]

1.e4 e6 2.d4 d5 3.Nc3 Nf6 4.e5 Nfd7 5.f4 c5 6.Nf3 cxd4 7.Nxd4 Nc6 8.Be3 Bb4
9.Bd3 Nc5 10.O-O Nxd3 11.Qxd3 O-O 12.Nce2 Bd7 13.Kh1 a6 14.a3 Be7 15.Rf3 f5
16.exf6 Bxf6 17.Rh3 g6 18.Nf3 Ne7 19.Bc5 e5 20.Bxe7 Qxe7 21.Rxh7 Kxh7 22.fxe5 Bxe5
23.Qxd5 Bc6 24.Qxe5 Qxe5 25.Nxe5 Rae8 26.Nxc6 Rxe2 27.Nd4 Ref2 28.Kg1 Rd2
29.Ne6 Rff2 30.Ng5+ Kh6 31.Ne4 Rxg2+ 32.Kh1 Rxh2+ 33.Kg1 Rxc2 34.Rd1 Rxb2
35.Rd8 Rhe2  0-1

[Event "III Open"]
[Site "La Laguna ESP"]
[Date "2009.05.10"]
[Round "9"]
[White "Nortes Hernandez,P"]
[Black "Perez Martin,N"]
[Result "1-0"]
[WhiteElo "1636"]
[BlackElo "1517"]

1.e4 e6 2.d4 d5 3.Nc3 Nf6 4.e5 Nfd7 5.f4 c5 6.Nf3 Nc6 7.Be3 cxd4 8.Nxd4 Bb4
9.Bd3 Nc5 10.O-O Nxd3 11.Qxd3 a6 12.Nce2 O-O 13.Kh1 Bd7 14.a3 Be7 15.Rf3 f6
16.Rh3 f5 17.Rc1 Rf7 18.Rg1 g6 19.g4 fxg4 20.Rxg4 Rg7 21.Rhg3 Qe8 22.h4 Bf8
23.Nxc6 bxc6 24.h5 gxh5 25.Rxg7+ Bxg7 26.f5 exf5 27.Bh6 f4 28.Rxg7+ Kh8  1-0

[Event "XXVIII Open"]
[Site "Zalakaros HUN"]
[Date "2009.05.12"]
[Round "5"]
[White "Csirik,A"]
[Black "Koban,B"]
[Result "1-0"]
[WhiteElo "2302"]
[BlackElo "2227"]

1.e4 e6 2.d4 d5 3.Nc3 Nf6 4.e5 Nfd7 5.f4 c5 6.Nce2 Nc6 7.Nf3 f6 8.c3 Qb6
9.a3 a5 10.g3 Be7 11.Bh3 Nd8 12.O-O O-O 13.Kh1 Qc7 14.Be3 b6 15.Qd2 Bb7 16.g4 g6
17.Bg2 a4 18.Rae1 Nc6 19.Ng3 Na5 20.Qd1 Nc4 21.Bc1 fxe5 22.fxe5 b5 23.h4 b4
24.h5 b3 25.Bh6 Rf7 26.Qb1 gxh5 27.g5 Nf8 28.Bh3 Bc8 29.Nxh5 Ng6 30.Nf6+ Bxf6
31.gxf6 cxd4 32.cxd4 Nb6 33.Ng5 Qc2 34.Qxc2 bxc2 35.Nxf7 Kxf7 36.Rf2  1-0

[Event "Subic Open"]
[Site "Subic PHI"]
[Date "2009.05.26"]
[Round "2"]
[White "Lluch,V"]
[Black "Batchuluun,T"]
[Result "1/2-1/2"]
[WhiteElo "2260"]
[BlackElo "2391"]

1.e4 e6 2.d4 d5 3.Nc3 Nf6 4.e5 Nfd7 5.f4 c5 6.Nf3 Nc6 7.Be3 a6 8.Qd2 cxd4
9.Nxd4 Bc5 10.O-O-O O-O 11.h4 Nxd4 12.Bxd4 b5 13.h5 b4 14.Na4 Bxd4 15.Qxd4 Qa5
16.b3 Bb7 17.Kb1 Bc6 18.Nb2 Rfc8 19.Bd3 Bb5 20.h6 g6 21.g4 Rab8 22.Rhe1 Qc7
23.Re2 Qc5 24.Bxb5 Qxb5 25.Re3 Qc5 26.Rd2 a5 27.Na4 Qxd4 28.Rxd4 Nc5 29.Nxc5 Rxc5
30.g5 Rbc8 31.Re2 Kf8 32.Kb2 Ke7 33.Rdd2 Kd7 34.a3 bxa3+ 35.Kxa3 Kc6 36.Rd4 Kb5
37.Kb2 Rc3 38.Rf2 Rg3 39.Ra4 Rc7 40.Rd2 Rgc3 41.Kb1 Rc8 42.Kb2 R8c5 43.Kb1 Rf3
44.Kb2 Rfc3 45.Kb1 Rc8 46.Kb2 R8c6 47.Kb1 Re3 48.Kb2 Rec3 49.Kb1 Rc8 50.Kb2 Rf3
51.Kb1 Rcc3 52.Ka2 Rg3 53.Ka1 Rgf3 54.Ka2 Rh3 55.Ka1 Rhf3 56.Ka2 Rf1 57.Kb2 Rcf3
58.Rdd4 R1f2 59.Kc1 Rf1+ 60.Kb2 R3f2 61.Kc3 Rf3+ 62.Kb2 R1f2 63.Kc1 Re3 64.c4+ Kc5
65.cxd5 Rc3+ 66.Kd1 exd5 67.Rd2 Rf1+ 68.Ke2 Rff3 69.Rxa5+ Kb4 70.Raxd5 Rce3+
71.Kd1 Rf1+ 72.Kc2 Rc3+ 73.Kb2 Rxb3+ 74.Ka2 Ra3+ 75.Kb2 Rb3+ 76.Ka2 Ra3+  1/2-1/2

[Event "Subic Open"]
[Site "Subic PHI"]
[Date "2009.05.28"]
[Round "6"]
[White "Segarra,R"]
[Black "Portogalera,R"]
[Result "1-0"]
[WhiteElo "2316"]
[BlackElo "2240"]

1.e4 e6 2.d4 d5 3.Nc3 Nf6 4.e5 Nfd7 5.f4 c5 6.Nf3 Nc6 7.Be3 cxd4 8.Nxd4 Bc5
9.Qd2 O-O 10.O-O-O Nxd4 11.Bxd4 a6 12.h4 Qc7 13.Rh3 b5 14.Re3 b4 15.Na4 Bxd4
16.Qxd4 Rb8 17.Bd3 Bb7 18.f5 exf5 19.Bxf5 Bc6 20.Nc5 Nxc5 21.Qxc5 Rb5 22.Qd4 Bd7
23.Bd3 Rb6 24.h5 Be6 25.Rg3 Rc8 26.Kb1 Rc6 27.Rc1 Qe7 28.Qf4 Kh8 29.Re1 a5
30.h6 g6 31.Rge3 a4 32.Qf6+ Qxf6 33.exf6 Rd6 34.g4 Kg8 35.g5 Kf8 36.Bxg6 d4
37.Re5 Kg8 38.Bd3 b3 39.cxb3 axb3 40.a4 Rdd8 41.a5 Rc7 42.a6 Kf8 43.g6 Ke8
44.gxh7  1-0

[Event "Doroshkevicha Mem"]
[Site "Belorechensk RUS"]
[Date "2009.05.30"]
[Round "8"]
[White "Gladkiy,D"]
[Black "Bondarev,B1"]
[Result "1-0"]
[WhiteElo "2314"]
[BlackElo "2087"]

1.e4 e6 2.d4 d5 3.Nc3 Nf6 4.e5 Nfd7 5.Nce2 c5 6.c3 cxd4 7.cxd4 Bb4+ 8.Nc3 O-O
9.Bd3 Nc6 10.Nf3 f6 11.exf6 Nxf6 12.O-O Bd6 13.Bg5 Qe8 14.h3 Nh5 15.Re1 Qf7
16.Qc2 g6 17.Bb5 Nb4 18.Qb3 a6 19.a3 Nc6 20.Bxc6 bxc6 21.Na4 Rb8 22.Qc3 Bd7
23.b4 Nf6 24.Bxf6 Qxf6 25.Nc5 Bxc5 26.Qxc5 Rf7 27.Ra2 Rb5 28.Qd6 Qe7 29.Qc7 Be8
30.Qc8 Rf8 31.Qxa6 Rxf3 32.gxf3 Qg5+ 33.Kh1 Qf5 34.Qc8 Kf7 35.Qc7+ Kf6 36.Qe5+ Qxe5
37.Rxe5 g5 38.Re3 Rb8 39.Rc2 Ra8 40.Kg2 Ra6 41.Kg3 h5 42.f4 h4+ 43.Kg4 gxf4
44.Kxf4 Bg6 45.Rc5 Bf5 46.Ra5 Rb6 47.Rc5 Ke7 48.Kg5 Rb8 49.Rxc6 Rg8+ 50.Kxh4 Rg1
51.b5 Rd1 52.b6 Rxd4+ 53.Kg3 Rd1 54.Rb3 Rg1+ 55.Kh2 Rg8 56.b7 Kd7 57.Rc1 Rb8
58.a4 d4 59.a5 Be4 60.a6 Bd5 61.Rb5 d3 62.Rxd5+  1-0

[Event "ch-UKR w"]
[Site "Evpatoria UKR"]
[Date "2009.05.30"]
[Round "8"]
[White "Kol'ba,A"]
[Black "Krasiuk,K"]
[Result "1/2-1/2"]
[WhiteElo "1845"]
[BlackElo "2035"]

1.e4 e6 2.d4 d5 3.Nc3 Nf6 4.e5 Nfd7 5.f4 c5 6.Nf3 Nc6 7.Be3 cxd4 8.Nxd4 Bc5
9.Qd2 O-O 10.Be2 a6 11.O-O-O Bxd4 12.Bxd4 b5 13.Kb1 b4 14.Na4 a5 15.Nc5 Nxd4
16.Qxd4 Nxc5 17.Qxc5 Ba6 18.Bd3 Rc8 19.Qe3 Bxd3 20.cxd3 a4 21.Rc1 b3 22.Qa7 Ra8
23.Qc7 bxa2+ 24.Kxa2 Qe8 25.Rc3 Qb5 26.Rhc1 d4 27.Qc5 Qb7 28.Qxd4 Qxg2 29.Qe4 Qxe4
30.dxe4 Rfd8 31.Ka3 h6 32.Rc4 Rd3+ 33.R1c3 Rd2 34.Rc2 Rd3+ 35.R2c3 Rd2  1/2-1/2

[Event "Doroshkevicha Mem"]
[Site "Belorechensk RUS"]
[Date "2009.05.31"]
[Round "9"]
[White "Udovichenko,N"]
[Black "Karapetian,A"]
[Result "1-0"]
[WhiteElo "2170"]
[BlackElo "1956"]

1.e4 e6 2.d4 d5 3.Nc3 Nf6 4.e5 Nfd7 5.Nce2 c5 6.c3 Nc6 7.f4 Be7 8.Be3 cxd4
9.cxd4 f5 10.exf6 Nxf6 11.Nc3 Qb6 12.Rb1 O-O 13.Nf3 Bd6 14.Bd3 Nb4 15.Ne5 Bxe5
16.fxe5 Nxd3+ 17.Qxd3 Ng4 18.Bg1 Bd7 19.h3 Nh6 20.g4 Qd8 21.Bf2 Be8 22.Rc1 a6
23.O-O b5 24.a3 Rc8 25.Be3 Bg6 26.Qd2 Rxf1+ 27.Rxf1 Nf7 28.Rf2 Qd7 29.h4 Nd8
30.h5 Be8 31.h6 g6 32.Bg5 Nc6 33.Qf4 Qf7 34.Qg3 Qa7 35.Qf4  1-0

[Event "ch-UKR w"]
[Site "Evpatoria UKR"]
[Date "2009.05.31"]
[Round "9"]
[White "Andrenko,I"]
[Black "Yushko,O"]
[Result "1-0"]
[WhiteElo "2201"]
[BlackElo "2113"]

1.e4 e6 2.d4 d5 3.Nc3 Nf6 4.e5 Nfd7 5.f4 c5 6.Nf3 Nc6 7.Be3 Qb6 8.Na4 Qa5+
9.c3 cxd4 10.b4 Qc7 11.Nxd4 Nxd4 12.Qxd4 a6 13.Be2 Be7 14.O-O f6 15.Bh5+ g6
16.Bg4 Qc6 17.Nb2 O-O 18.a4 Nb8 19.b5 Qc7 20.c4 fxe5 21.fxe5 dxc4 22.Nxc4 axb5
23.axb5 Rxa1 24.Rxa1 Rd8 25.b6 Qc6 26.Nd6 Bxd6 27.Rc1 Qd5 28.Qxd5 exd5 29.Rxc8 Rxc8
30.Bxc8 Bxe5 31.Be6+ Kf8 32.Bxd5 Ke7 33.Bxb7 Kd6 34.Be4 Nd7 35.b7 Ke6 36.h4 Bg3
37.Bf2 Be5 38.g4 Nf8 39.Bf3 Bb8 40.Kg2 Nd7 41.g5 Ne5 42.Bg3 Kd6 43.Kh3 Kc5
44.Bg4 Kd5 45.Bd1 Kc6 46.Bb3 Kxb7 47.Bg8 Nd7 48.Bxb8 Kxb8 49.Bxh7 Nf8 50.Bxg6 Nxg6
51.h5 Ne7 52.h6 Kc7 53.h7  1-0

[Event "XXXI Nezhmetdinov Mem"]
[Site "Kazan RUS"]
[Date "2009.06.04"]
[Round "5"]
[White "Afanasiev,D2"]
[Black "Tokarev,I"]
[Result "1-0"]
[WhiteElo "1880"]
[BlackElo "2252"]

1.e4 e6 2.d4 d5 3.Nc3 Nf6 4.e5 Nfd7 5.f4 c5 6.Nf3 Nc6 7.Be3 Rb8 8.Qd2 Qa5
9.a3 b5 10.Ra2 c4 11.f5 Be7 12.g3 O-O 13.Bh3 Nb6 14.f6 gxf6 15.exf6 Bxf6
16.Bh6 Re8 17.O-O Nd7 18.Ne5 Ndxe5 19.dxe5 Bxe5 20.Qg5+ Kh8 21.Rxf7 Qb6+
22.Kh1 Qd4 23.Qh5  1-0